Mr. Sandman Lyrics - Statistics

General Stats
  • This quiz has been taken 10 times
  • The average score is 57 of 168
Answer Stats
Answer % Correct
Sandman,
89%
a
78%
me
78%
bring
67%
dream
67%
Please
67%
please
67%
the
67%
so
56%
So
56%
be
44%
cutest
44%
ever
44%
Give
44%
I've
44%
Make
44%
make
44%
seen
44%
that
44%
alone
33%
Don't
33%
him
33%
like
33%
own
33%
yes?
33%
and
22%
And
22%
are
22%
beam
22%
call
22%
have
22%
his
22%
I'm
22%
lips
22%
lonesome
22%
Mr. Sandman
22%
Mr. Sandman,
22%
my
22%
nights
22%
nobody
22%
over
22%
tell
22%
to
22%
two
22%
us
22%
your
22%
clover
11%
eyes
11%
hair
11%
hold
11%
Liberace
11%
lonely
11%
lots
11%
magic
11%
of
11%
on
11%
someone
11%
Then
11%
turn
11%
wavy
11%
before
0%
come-hither
0%
gleam
0%
heart
0%
not
0%
old
0%
Pagliacci
0%
pair
0%
peachy
0%
roses
0%
rover
0%
too
0%
we're
0%
with
0%
word
0%
Would
0%
No matching quizzes found
Score Distribution
Percent of People with Each Score
Percentile by Number Answered
Your Score History
You have not taken this quiz